=LDR 00000nam 2200000 4500 =001 000579 =005 20250711011641 =035 ##$$a 0010-0725000447 =007 ta =008 250711################a##########0#ind## =020 ##$$a 978-623-118-884-7 =082 ##$$a 398.209.598 =084 ##$$a 398.209.598 SAR w =100 #$$a Yunita Candra Sari =245 1#$$a Warna-warni Eja /$c Yunita Candra Sari =250 ##$$a Cetakan Pertama =260 ##$$a Rawamangun :$b Badan Pengembangan dan Pembinaan Bahasa,$c 2022 =300 ##$$a 28 hlm. : $b Ilus. ; $c 29 cm. =650 #4$$a Cerita Anak - Indonesia =650 #4$$a Cerita Bergambar =856 ##$$a TBM AS SUHADA =990 ##$$a TBM03400340